|
|
|
|
| LEADER |
00672cam a2200181 7i4500 |
| 001 |
0000042701 |
| 005 |
20170218090000.0 |
| 020 |
|
|
|a 8174968199 (pbk.)
|
| 090 |
0 |
0 |
|a HF5636
|b .S55 2006
|
| 100 |
1 |
|
|a Sehgal, Ashok,
|c Dr
|
| 245 |
1 |
0 |
|a Fundamentals of financial accounting :
|b CA [Professional Education : course-i] / CS [Foundation] / B.Com. / Management courses
|c Dr. Ashok Sehgal, Dr. Deepak Sehgal.
|
| 250 |
|
|
|a 5th ed.
|
| 260 |
|
|
|a New Delhi:
|b Taxmann Allied Services Pvt. Ltd.,
|c 2006.
|
| 300 |
|
|
|a 1176 p.;
|c 24 cm.
|
| 650 |
0 |
0 |
|a Accounting
|
| 700 |
0 |
|
|a Deepak Sehgal
|
| 997 |
|
|
|a Business & Accountancy, Faculty
|
| 999 |
|
|
|a 0000052833
|b BOK
|c OPEN SHELF
|e 1st Floor, Shah Alam
|